000 00588nam a22002057a 4500
003 OSt
005 20140310182827.0
008 130529t xxu||||| |||| 00| 0 eng d
020 _a141430031X
050 _aBV 4647
_b.B262 1991
082 _aM 234.5
_bB25 1991
245 _aRadical forgiveness :
_bit’s time to wipe your slate clean! /
_cBarnhill, Julie Ann
260 _aWheaton, Ill. :
_bTyndale House Publishers,
_c1991
300 _axv, 173 p. :
_c21 cm.
521 _acollege students
526 _c1210L-1700L
541 _j1
562 _e1
942 _2lcc
_cBK
_kM
999 _c16529
_d16529